[Event "Regionalliga NO 1516"]
[Site "Bayern"]
[Date "2016.01.31"]
[Round "6.7"]
[White "Koch, Daniel"]
[Black "Gloth, Gerrit"]
[Result "1/2-1/2"]
[WhiteElo "1807"]
[BlackElo "1860"]
[PlyCount "77"]
[EventDate "2015.10.11"]
[EventType "team-tourn"]
[EventRounds "9"]
[EventCountry "GER"]
[SourceTitle "EXT 2018"]
[Source "ChessBase"]
[SourceDate "2017.10.13"]
[SourceVersion "1"]
[SourceVersionDate "2017.10.13"]
[SourceQuality "1"]
[WhiteTeam "Windischeschenbach"]
[BlackTeam "Erlangen SC II"]
[WhiteTeamCountry "GER"]
[BlackTeamCountry "GER"]

1. d4 Nf6 2. e3 e6 3. Bd3 d5 4. f4 c5 5. c3 Nc6 6. Nf3 Be7 7. Nbd2 Qc7 8. Ne5 c4 9. Bc2 b5 10. 0-0 Bb7 11. Qe2 0-0 12. g4 Nxe5 13. fxe5 Ne4 14. Nxe4 dxe4 15. Qg2 b4 16. Bd2 a5 17. Bxe4 Rab8 18. Rfc1 a4 19. Bxb7 Rxb7 20. cxb4 Bxb4 21. Bxb4 Rxb4 22. Rc3 Qb6 23. Rb1 Qb5 24. Qe2 Rc8 25. a3 Rb3 26. Rxb3 Qxb3 27. Rc1 h6 28. Rc3 Qb5 29. Qc2 Kf8 30. Qg2 Rb8 31. Rc2 Qb3 32. Qe2 Rc8 33. Qd2 Kg8 34. Kf2 Qb7 35. Qb4 Qh1 36. Rxc4 Qxh2+ 37. Kf3 Qh3+ 38. Kf2 Qh2+ 39. Kf3 1/2-1/2

[Event "Oberpfalz-ch M2"]
[Site "Regensburg"]
[Date "2006.04.08"]
[Round "2"]
[White "Augustin, Josef"]
[Black "Koch, Daniel"]
[Result "0-1"]
[WhiteElo "1617"]
[BlackElo "1804"]
[PlyCount "88"]
[EventDate "2006.04.08"]
[EventType "swiss"]
[EventRounds "8"]
[EventCountry "GER"]
[SourceTitle "EXT 2022"]
[Source "ChessBase"]
[SourceDate "2021.10.06"]
[SourceVersion "1"]
[SourceVersionDate "2021.10.06"]
[SourceQuality "1"]

1. e4 g6 2. d4 Bg7 3. Nf3 d6 4. h3 Nf6 5. Bd3 0-0 6. 0-0 Nc6 7. c3 e5 8. d5 Ne7 9. c4 Nd7 10. b4 f5 11. Nc3 f4 12. Bd2 h6 13. Qb3 g5 14. c5 g4 15. hxg4 Nf6 16. g5 Nh5 17. gxh6 Bxh6 18. Rfc1 Bg4 19. Nh2 Nf6 20. Nxg4 Nxg4 21. f3 Ne3 22. Kf2 Ng6 23. Rh1 Qg5 24. Rag1 Nh4 25. Bf1 Kh7 26. Nd1 Nxf1 27. Kxf1 Rg8 28. g4 Qe7 29. Be1 Bg5 30. Rg2 Kg7 31. Rgh2 Rh8 32. Bxh4 Bxh4 33. Qc2 Bg3 34. Rxh8 Rxh8 35. Rxh8 Kxh8 36. cxd6 cxd6 37. Qc8+ Kg7 38. Nc3 Qh4 39. Qc7+ Kg8 40. Qb8+ Kg7 41. Qxb7+ Kg6 42. Qxa7 Qh1+ 43. Ke2 Qc1 44. Qc7 Qc2+ 0-1

[Event "Oberpfalz-ch M2"]
[Site "Regensburg"]
[Date "2006.04.08"]
[Round "1"]
[White "Koch, Daniel"]
[Black "Krementschutzkij, Eduard"]
[Result "0-1"]
[WhiteElo "1804"]
[BlackElo "1637"]
[PlyCount "54"]
[EventDate "2006.04.08"]
[EventType "swiss"]
[EventRounds "8"]
[EventCountry "GER"]
[SourceTitle "EXT 2022"]
[Source "ChessBase"]
[SourceDate "2021.10.06"]
[SourceVersion "1"]
[SourceVersionDate "2021.10.06"]
[SourceQuality "1"]

1. d4 Nf6 2. e3 e6 3. Bd3 b6 4. f4 Bb7 5. Nf3 Be7 6. 0-0 0-0 7. Nbd2 d5 8. Ne5 Nbd7 9. Ndf3 c5 10. c3 Ne4 11. g4 f6 12. Nxd7 Qxd7 13. Qe2 a5 14. Qg2 Ba6 15. Bxa6 Rxa6 16. h4 b5 17. g5 f5 18. Kh2 Rb8 19. Ne5 Qe8 20. g6 h6 21. Kh3 c4 22. Qc2 b4 23. Bd2 Rab6 24. Rfb1 Qb5 25. b3 cxb3 26. axb3 Qe2 27. Rb2 Qf2 0-1

[Event "Dortmund8"]
[Site "Dortmund"]
[Date "2003.11.18"]
[Round "11"]
[White "Duschek, Guenter"]
[Black "Koch, Daniel"]
[Result "1/2-1/2"]
[WhiteElo "1679"]
[BlackElo "1617"]
[PlyCount "89"]
[EventDate "2003.10.08"]
[EventType "tourn"]
[EventRounds "13"]
[EventCountry "GER"]
[SourceTitle "EXT 2007"]
[Source "ChessBase"]
[SourceDate "2006.11.23"]
[SourceVersion "1"]
[SourceVersionDate "2006.11.23"]
[SourceQuality "1"]

1. d4 Nc6 2. e4 d5 3. e5 Bf5 4. Bd3 Nxd4 5. Bxf5 Nxf5 6. Qd3 Qd7 7. Nc3 e6 8. Nf3 0-0-0 9. a4 Bc5 10. a5 a6 11. 0-0 Nge7 12. Na4 Ba7 13. Be3 Nxe3 14. fxe3 Nf5 15. Nd4 h5 16. Nxf5 exf5 17. b4 g6 18. c3 Rhe8 19. Nc5 Qc6 20. Qd4 f6 21. exf6 Re4 22. Qd3 Bxc5 23. bxc5 Qxf6 24. Rf4 Qe7 25. c6 Rxf4 26. cxb7+ Kb8 27. exf4 Qc5+ 28. Kh1 Qc6 29. Rb1 Re8 30. Qd4 Qe6 31. h3 Qe4 32. Qd1 Qc4 33. Qf3 h4 34. Kh2 Qc5 35. Qf1 Qd6 36. Kh1 Re4 37. Qf2 Qd8 38. Qf1 Re6 39. Qf2 Rc6 40. Qd4 Re6 41. Qf2 Re4 42. Kh2 d4 43. cxd4 Rxd4 44. Qe3 Re4 45. Qf2 1/2-1/2

[Event "Dortmund8"]
[Site "Dortmund"]
[Date "2003.11.15"]
[Round "10"]
[White "Koch, Daniel"]
[Black "Raszelenberg, Patrick"]
[Result "0-1"]
[WhiteElo "1617"]
[BlackElo "1769"]
[PlyCount "76"]
[EventDate "2003.10.08"]
[EventType "tourn"]
[EventRounds "13"]
[EventCountry "GER"]
[SourceTitle "EXT 2007"]
[Source "ChessBase"]
[SourceDate "2006.11.23"]
[SourceVersion "1"]
[SourceVersionDate "2006.11.23"]
[SourceQuality "1"]

1. f4 c5 2. Nf3 d6 3. e4 a6 4. a4 e6 5. Nc3 Nf6 6. d3 Qc7 7. Be2 Nc6 8. 0-0 Be7 9. Qe1 0-0 10. h3 Nd4 11. Bd1 Bd7 12. e5 dxe5 13. fxe5 Nd5 14. Qg3 f5 15. Nxd5 exd5 16. Bf4 Ne6 17. Be2 Nxf4 18. Qxf4 h6 19. Rad1 Be6 20. c3 b5 21. axb5 axb5 22. b4 cxb4 23. cxb4 Ra4 24. Rb1 Ra2 25. Rfe1 Rfa8 26. Kf1 g5 27. Qd4 g4 28. hxg4 fxg4 29. Nh2 h5 30. g3 Bg5 31. Ra1 Rxa1 32. Rxa1 Rxa1+ 33. Qxa1 Qf7+ 34. Ke1 Be3 35. Qa8+ Kg7 36. Nf1 Bd4 37. Qc6 Bd7 38. Qc1 Qf5 0-1

[Event "Dortmund8"]
[Site "Dortmund"]
[Date "2003.10.25"]
[Round "6"]
[White "Koch, Daniel"]
[Black "Bommert, Christian"]
[Result "1-0"]
[WhiteElo "1617"]
[BlackElo "1581"]
[PlyCount "69"]
[EventDate "2003.10.08"]
[EventType "tourn"]
[EventRounds "13"]
[EventCountry "GER"]
[SourceTitle "EXT 2007"]
[Source "ChessBase"]
[SourceDate "2006.11.23"]
[SourceVersion "1"]
[SourceVersionDate "2006.11.23"]
[SourceQuality "1"]

1. f4 d5 2. Nf3 c5 3. e3 Nc6 4. Be2 Nf6 5. 0-0 g6 6. c3 Bg7 7. d3 0-0 8. Qc2 b5 9. e4 dxe4 10. dxe4 Qb6 11. Kh1 e6 12. Be3 a5 13. Nbd2 a4 14. Rab1 Ba6 15. b4 axb3 16. Qxb3 Rfb8 17. Qc2 Nd7 18. f5 Qa5 19. fxe6 fxe6 20. Ng5 Bxc3 21. Bg4 Nf8 22. Nxe6 Nd4 23. Bxd4 cxd4 24. Nb3 Qb6 25. Nbc5 Ra7 26. Qb3 Nxe6 27. Bxe6+ Kg7 28. Nd7 Rxd7 29. Bxd7 Rb7 30. Rf7+ Kh6 31. Qd5 b4 32. Qe5 d3 33. Qf4+ g5 34. Qg4 Qe3 35. Qe6+ 1-0

[Event "Dortmund8"]
[Site "Dortmund"]
[Date "2003.10.17"]
[Round "4"]
[White "Koch, Daniel"]
[Black "Gerke, Dieter"]
[Result "0-1"]
[WhiteElo "1617"]
[BlackElo "1559"]
[PlyCount "60"]
[EventDate "2003.10.08"]
[EventType "tourn"]
[EventRounds "13"]
[EventCountry "GER"]
[SourceTitle "EXT 2007"]
[Source "ChessBase"]
[SourceDate "2006.11.23"]
[SourceVersion "1"]
[SourceVersionDate "2006.11.23"]
[SourceQuality "1"]

1. f4 d5 2. Nf3 Nf6 3. e3 g6 4. b4 Bg7 5. Bb2 0-0 6. Be2 Nbd7 7. d4 Ne4 8. Nbd2 Ndf6 9. Nxe4 Nxe4 10. 0-0 b6 11. Rb1 c6 12. a4 Qc7 13. Ba3 Nc3 14. Qd2 Nxb1 15. Rxb1 Bf5 16. Rc1 Rac8 17. c4 Be4 18. Ng5 Qb8 19. Nxe4 dxe4 20. Qc2 f5 21. g4 Rcd8 22. g5 h6 23. gxh6 Bxh6 24. h4 Rd7 25. Kf2 Bxf4 26. Qb3 Bg3+ 27. Kg2 Bxh4 28. c5+ Kg7 29. Rg1 Qg3+ 30. Kh1 Rh8 0-1

[Event "Dortmund8"]
[Site "Dortmund"]
[Date "2003.10.08"]
[Round "1"]
[White "Koch, Daniel"]
[Black "Lang, Daniel"]
[Result "0-1"]
[WhiteElo "1617"]
[BlackElo "1742"]
[PlyCount "64"]
[EventDate "2003.10.08"]
[EventType "tourn"]
[EventRounds "13"]
[EventCountry "GER"]
[SourceTitle "EXT 2007"]
[Source "ChessBase"]
[SourceDate "2006.11.23"]
[SourceVersion "1"]
[SourceVersionDate "2006.11.23"]
[SourceQuality "1"]

1. f4 d5 2. Nf3 c5 3. e3 g6 4. d3 Nc6 5. Be2 Bg7 6. 0-0 Nf6 7. Qe1 0-0 8. Nbd2 Qb6 9. Kh1 a5 10. c3 a4 11. Ne5 Nxe5 12. fxe5 Ng4 13. Bxg4 Bxg4 14. d4 f6 15. exf6 Rxf6 16. Rxf6 Qxf6 17. Qg3 Bd1 18. Nf3 Rf8 19. Bd2 Bxf3 20. Qxf3 Qxf3 21. gxf3 cxd4 22. exd4 Rxf3 23. a3 Rf2 24. Rd1 e5 25. Kg1 Re2 26. dxe5 Bxe5 27. h4 Kf7 28. Rf1+ Ke6 29. Rf2 Rxf2 30. Kxf2 Bf6 31. Be3 Bxh4+ 32. Kf3 Kf5 0-1

[Event "Dortmund ABC Besserkoenner 18th"]
[Site "Dortmund"]
[Date "2002.11.27"]
[Round "10"]
[White "Koch, Daniel"]
[Black "Michalicek, Roland"]
[Result "0-1"]
[WhiteElo "1593"]
[BlackElo "1694"]
[PlyCount "64"]
[EventDate "2002.10.11"]
[EventType "tourn"]
[EventRounds "11"]
[EventCountry "GER"]
[SourceTitle "EXT 2004"]
[Source "ChessBase"]
[SourceDate "2003.11.25"]
[SourceVersion "1"]
[SourceVersionDate "2003.11.25"]
[SourceQuality "1"]

1. f4 d5 2. Nf3 Nc6 3. g3 g6 4. Bg2 Bg7 5. d3 Nf6 6. 0-0 0-0 7. Nc3 Bf5 8. Ne5 e6 9. Qe1 Nxe5 10. fxe5 Ng4 11. e4 Bxe5 12. exf5 Bd4+ 13. Kh1 gxf5 14. Qe2 c6 15. Rf4 Qf6 16. Bd2 Be5 17. Raf1 Bxf4 18. Rxf4 Qg6 19. Qf1 h6 20. Ne2 Kh7 21. h3 Nf6 22. Rh4 Ng8 23. Qc1 e5 24. Bf3 Rae8 25. Kh2 Qd6 26. c4 dxc4 27. Qxc4 e4 28. Bxh6 Nxh6 29. dxe4 fxe4 30. Bxe4+ f5 31. Bg2 Rg8 32. Nd4 Qxg3+ 0-1

[Event "Dortmund ABC Besserkoenner 18th"]
[Site "Dortmund"]
[Date "2002.11.15"]
[Round "8"]
[White "Koch, Daniel"]
[Black "Wagner, Markus"]
[Result "0-1"]
[WhiteElo "1593"]
[BlackElo "1750"]
[PlyCount "82"]
[EventDate "2002.10.11"]
[EventType "tourn"]
[EventRounds "11"]
[EventCountry "GER"]
[SourceTitle "EXT 2004"]
[Source "ChessBase"]
[SourceDate "2003.11.25"]
[SourceVersion "1"]
[SourceVersionDate "2003.11.25"]
[SourceQuality "1"]

1. f4 b6 2. Nf3 Bb7 3. d3 d5 4. g3 Nf6 5. Bg2 e6 6. 0-0 Bc5+ 7. e3 Nbd7 8. Qe1 0-0 9. Nbd2 Re8 10. Kh1 a5 11. b3 a4 12. a3 axb3 13. Nxb3 Bd6 14. Bb2 Qe7 15. Ne5 Bxa3 16. Qc1 Bxb2 17. Qxb2 Nxe5 18. fxe5 Ng4 19. Qd4 Qg5 20. h4 Qg6 21. Bf3 Nh6 22. g4 f6 23. Rxa8 Rxa8 24. Rg1 c5 25. Qf4 Nf7 26. exf6 Qxf6 27. Qxf6 gxf6 28. g5 fxg5 29. hxg5 Kg7 30. Kh2 Kg6 31. Bg4 Nxg5 32. Bxe6 h6 33. Rg2 Re8 34. Bg4 Rxe3 35. Rf2 h5 36. Bf5+ Kh6 37. Nd2 d4 38. Bd7 Nf3+ 39. Nxf3 Rxf3 40. Kg1 Kg5 41. Rf1 Kf4 0-1

[Event "Dortmund ABC Aufstreber 16th"]
[Site "Dortmund"]
[Date "2001.10.26"]
[Round "4"]
[White "Kluge, Klaus"]
[Black "Koch, Daniel"]
[Result "1/2-1/2"]
[WhiteElo "1368"]
[BlackElo "1472"]
[PlyCount "101"]
[EventDate "2001.??.??"]
[EventType "tourn"]
[EventRounds "13"]
[EventCountry "GER"]
[SourceTitle "EXT 2003"]
[Source "ChessBase"]
[SourceDate "2002.11.25"]
[SourceVersion "1"]
[SourceVersionDate "2002.11.25"]
[SourceQuality "1"]

1. d4 f5 2. Nf3 Nf6 3. c4 e6 4. e3 d6 5. Qc2 Nc6 6. a3 e5 7. h3 Be7 8. b3 e4 9. Nh2 0-0 10. Bb2 Qe8 11. Nd2 Bd7 12. Be2 Qg6 13. Rg1 a6 14. 0-0-0 Ne8 15. f3 f4 16. d5 fxe3 17. Nxe4 Ne5 18. Rdf1 Bf5 19. g4 Bxe4 20. Qxe4 Qxe4 21. fxe4 Bg5 22. Rf5 Rxf5 23. gxf5 Bf6 24. Kc2 c6 25. dxc6 Nxc6 26. Bc1 Be5 27. Nf3 Nf6 28. Bxe3 Nxe4 29. Bd3 Nf6 30. Bh6 Ne8 31. Be4 Kf8 32. Be3 Nf6 33. Bxc6 bxc6 34. Nxe5 dxe5 35. Bc5+ Kf7 36. Rd1 Rc8 37. Re1 e4 38. b4 Rd8 39. Re3 Rd7 40. a4 g6 41. fxg6+ Kxg6 42. b5 cxb5 43. axb5 axb5 44. cxb5 Kf5 45. b6 Nd5 46. Rb3 Rb7 47. Rb5 Ke6 48. Kd2 Kd7 49. Bd4 Ke6 50. Be3 Kd6 51. Bd4 1/2-1/2

[Event "Dortmund2"]
[Site "Dortmund"]
[Date "2001.06.22"]
[Round "13"]
[White "Fredersdorf, Theodor"]
[Black "Koch, Daniel"]
[Result "0-1"]
[WhiteElo "1513"]
[BlackElo "1484"]
[PlyCount "65"]
[EventDate "2001.04.25"]
[EventType "tourn"]
[EventRounds "13"]
[EventCountry "GER"]
[SourceTitle "EXT 2007"]
[Source "ChessBase"]
[SourceDate "2006.11.23"]
[SourceVersion "1"]
[SourceVersionDate "2006.11.23"]
[SourceQuality "1"]

1. e4 b6 2. d4 Bb7 3. Nc3 e6 4. a3 Nf6 5. Bd3 d6 6. Be3 Nbd7 7. f4 e5 8. fxe5 dxe5 9. d5 Bc5 10. Bg5 Qe7 11. Nf3 h6 12. Bh4 g5 13. Bg3 0-0-0 14. b4 Bd4 15. Nxd4 exd4 16. Ne2 Nxe4 17. Bxe4 Qxe4 18. 0-0 Bxd5 19. Rf2 f5 20. h3 f4 21. Bh2 Nf6 22. Nxd4 Bb7 23. c3 Qe3 24. Qa4 Ne4 25. Raa2 Nxc3 26. Nf5 Qxf2+ 27. Kxf2 Nxa4 28. Ne7+ Kb8 29. g3 Rhe8 30. Nf5 f3 31. Nxh6 Nc3 32. Rc2 Re2+ 33. Rxe2 0-1

[Event "Dortmund2"]
[Site "Dortmund"]
[Date "2001.05.16"]
[Round "5"]
[White "Koch, Daniel"]
[Black "Nettbohl, Werner"]
[Result "1-0"]
[WhiteElo "1484"]
[BlackElo "1367"]
[PlyCount "77"]
[EventDate "2001.04.25"]
[EventType "tourn"]
[EventRounds "13"]
[EventCountry "GER"]
[SourceTitle "EXT 2007"]
[Source "ChessBase"]
[SourceDate "2006.11.23"]
[SourceVersion "1"]
[SourceVersionDate "2006.11.23"]
[SourceQuality "1"]

1. f4 d5 2. Nf3 Nf6 3. e3 g6 4. Be2 Bg7 5. 0-0 Bf5 6. d3 Nc6 7. Bd2 Qd6 8. Na3 a6 9. c3 h5 10. Nc2 h4 11. Ng5 h3 12. g4 Bd7 13. Be1 e5 14. Bg3 e4 15. dxe4 Nxe4 16. Nxe4 dxe4 17. Qxd6 cxd6 18. Rad1 Bf8 19. Na3 Be6 20. Nc4 0-0-0 21. f5 gxf5 22. gxf5 Bxc4 23. Bxc4 f6 24. Be6+ Kc7 25. Rf4 Bh6 26. Rxe4 Bg5 27. Kf2 b5 28. c4 Ne5 29. cxb5 axb5 30. b3 Ra8 31. a4 bxa4 32. bxa4 Ra5 33. Rc1+ Kb6 34. Rb4+ Ka7 35. Bxe5 dxe5 36. Rc7+ Ka8 37. Rb5 Rxb5 38. axb5 Rb8 39. Bd5+ 1-0

[Event "Dortmund2"]
[Site "Dortmund"]
[Date "2001.04.28"]
[Round "2"]
[White "Gerke, Dieter"]
[Black "Koch, Daniel"]
[Result "1/2-1/2"]
[WhiteElo "1449"]
[BlackElo "1484"]
[PlyCount "68"]
[EventDate "2001.04.25"]
[EventType "tourn"]
[EventRounds "13"]
[EventCountry "GER"]
[SourceTitle "EXT 2007"]
[Source "ChessBase"]
[SourceDate "2006.11.23"]
[SourceVersion "1"]
[SourceVersionDate "2006.11.23"]
[SourceQuality "1"]

1. d4 Nf6 2. c4 e6 3. Nf3 b6 4. Nc3 Bb4 5. Qb3 Bxc3+ 6. Qxc3 Bb7 7. Bg5 d6 8. Rc1 Nbd7 9. Qb3 Qe7 10. d5 0-0 11. e4 h6 12. Bxf6 Nxf6 13. Bd3 exd5 14. cxd5 Bxd5 15. Qc2 Bxe4 16. Bxe4 d5 17. 0-0 Nxe4 18. Qxc7 Qxc7 19. Rxc7 Rfe8 20. Nd4 Nf6 21. Nc6 Re2 22. Rb1 Rae8 23. Kf1 Rc2 24. Ne7+ Rxe7 25. Rxc2 Kh7 26. f3 g5 27. Re1 Rd7 28. b4 d4 29. Rd1 Nd5 30. Rxd4 Ne3+ 31. Ke2 Rxd4 32. Kxe3 Rxb4 33. Rc7 Kg6 34. Rxa7 f5 1/2-1/2